Obras críticas / (Record no. 164499)

MARC details
000 -LEADER
campo de control de longitud fija 00801nam a2200205 i 4500
001 - NÚMERO DE CONTROL
campo de control 164499
003 - IDENTIFICADOR DE NÚMERO DE CONTROL
campo de control ES-MaACL
005 - FECHA Y HORA DE LA ÚLTIMA TRANSACCIÓN
campo de control 20230906212940.0
008 - DATOS DE LONGITUD FIJA--INFORMACIÓN GENERAL
campo de control de longitud fija 931025s1898 sp |||| | spa d
100 1# - ENTRADA PRINCIPAL--NOMBRE DE PERSONA
Nombre de persona Samaniego, Félix María de.
9 (RLIN) 102153
245 10 - MENCIÓN DEL TÍTULO
Título Obras críticas /
Mención de responsabilidad, etc. de Felix María de Samaniego ; precedidas de unos estudios preliminares escritos por Julian Apraiz.
260 ## - PUBLICACIÓN, DISTRIBUCIÓN, ETC.
Lugar de publicación, distribución, etc. Bilbao :
Nombre del editor, distribuidor, etc. [s.n.],
Fecha de publicación, distribución, etc. 1898 (
Fabricante Imp. y enc. de Andrés P.-Cardenal)
300 ## - DESCRIPCIÓN FÍSICA
Extensión X, 196 p ;
Dimensiones 21 cm.
490 1# - MENCIÓN DE SERIE
Mención de serie Biblioteca Bascongada de Fermín Herrán ;
Designación de volumen o secuencia 23
594 ## - Nota al título y mención de responsabilidad
Nota al título y mención de responsabilidad En antep.: "Samaniego crítico"
700 1# - ENTRADA AGREGADA--NOMBRE PERSONAL
Nombre de persona Apraiz, Julián (
Fechas asociadas al nombre 1848-1910)
9 (RLIN) 22123
830 0# - PUNTO DE ACCESO ADICIONAL DE SERIE-TÍTULO UNIFORME
Título uniforme Biblioteca Bascongada de Fermín Herrán ;
Designación de volumen o secuencia 23
9 (RLIN) 187938
852 ## - LOCALIZACIÓN
Ubicación ES-MaACL
Número de control de estantería D-2474
Nota libre -- Enc. hol.
Holdings
Estatus retirado Estado de pérdida Estado de daño No para préstamo Colección Biblioteca de origen Biblioteca actual Ubicación en estantería Fecha de adquisición Fuente de adquisición Total de préstamos Signatura topográfica completa Código de barras Visto por última vez Precio de reemplazo Tipo de ítem Koha
        Libros del s. XIX Biblioteca del Ateneo de Madrid Biblioteca del Ateneo de Madrid Sala Valle Inclán 17/01/2008     D-2474 901172433 23/02/2023 23/02/2023 Libro impreso antiguo